Encyclopedia of the city (Record no. 41828)

MARC details
000 -LEADER
fixed length control field 00670nam a2200193 a 4500
008 - FIXED-LENGTH DATA ELEMENTS--GENERAL INFORMATION
fixed length control field 100930s2005 ||||||||||||||||| || u
020 ## - INTERNATIONAL STANDARD BOOK NUMBER
International Standard Book Number 0415252253
050 ## - LIBRARY OF CONGRESS CALL NUMBER
Classification number HT 108.5 Enc
100 ## - MAIN ENTRY--PERSONAL NAME
Personal name Caves, Roger W
245 10 - TITLE STATEMENT
Title Encyclopedia of the city
Statement of responsibility, etc. edited by Roger W. Caves
260 ## - PUBLICATION, DISTRIBUTION, ETC.
Place of publication, distribution, etc. London:
Name of publisher, distributor, etc. Routledge
Date of publication, distribution, etc. 2005
300 ## - PHYSICAL DESCRIPTION
Extent xxx, 564p.
350 ## - PRICE (NR) (BK AM CF MU VM SE) [OBSOLETE]
Price 0.00
650 #0 - SUBJECT ADDED ENTRY--TOPICAL TERM
Topical term or geographic name entry element SOCIOLOGY
650 ## - SUBJECT ADDED ENTRY--TOPICAL TERM
Topical term or geographic name entry element CITIES AND TOWNS--ENCYCLOPEDIAS
650 ## - SUBJECT ADDED ENTRY--TOPICAL TERM
Topical term or geographic name entry element CITY PLANNING--ENCYCLOPEDIAS
650 ## - SUBJECT ADDED ENTRY--TOPICAL TERM
Topical term or geographic name entry element SOCIOLOGY, URBAN--ENCYCLOPEDIAS
995 ## - RECOMMENDATION 995 [LOCAL, UNIMARC FRANCE]
-- 0.00
-- CBU-MAIN LIBRARY (Kitwe)
-- 1
-- 0.00
-- 1
-- REFERENCE
-- Oct 7, 2010
-- Reference Collection
Holdings
Withdrawn status Lost status Source of classification or shelving scheme Damaged status Not for loan Home library Current library Shelving location Date acquired Total Checkouts Full call number Barcode Date last seen Price effective from Koha item type
          CBU-MAIN LIBRARY, KITWE. CBU-MAIN LIBRARY, KITWE.   11/30/2022   HT 108.5 Enc 741718 11/30/2022 11/30/2022 MONOGRAPH